The Science Museum Physics: 100 Ideas in 100 Words – A Whistle-Stop Tour of Science’s Key Concepts (Record no. 14068)
[ view plain ]
| 000 -LEADER | |
|---|---|
| fixed length control field | 00358nam a22001217a 4500 |
| 020 ## - INTERNATIONAL STANDARD BOOK NUMBER | |
| ISBN | 9780241594926 |
| 082 ## - DEWEY DECIMAL CLASSIFICATION NUMBER | |
| Classification number | 530 |
| 100 ## - MAIN ENTRY--AUTHOR NAME | |
| Personal name | David Sang & Science Museum |
| 245 ## - TITLE STATEMENT | |
| Title | The Science Museum Physics: 100 Ideas in 100 Words – A Whistle-Stop Tour of Science’s Key Concepts |
| 260 ## - PUBLICATION, DISTRIBUTION, ETC. (IMPRINT) | |
| Place of publication | UK |
| Name of publisher | Dorling Kindersley |
| Year of publication | 2024 |
| 300 ## - PHYSICAL DESCRIPTION | |
| Number of Pages | 192 pages |
| 942 ## - ADDED ENTRY ELEMENTS (KOHA) | |
| Koha item type | Books |
| Withdrawn status | Lost status | Collection code | Permanent Location | Current Location | Shelving location | Date acquired | Full call number | Accession Number | Koha item type |
|---|---|---|---|---|---|---|---|---|---|
| | | Physics | MAJU | MAJU | Shelf No.A26 | 2025-09-05 | 530 | 11149 | Books |